00302nam a22001097a 4500008004100000100001900041245005700060260000900117300001300126650001900139773003400158190828b ||||| |||| 00| 0 eng d aBhardwaj, Atul aBrexit and the continental fears of maritime Britain c2019 ap.10-11. aLaw of the sea aEconomic and Political Weekly